<?xml version="1.0" encoding="UTF-8"?><?xml-stylesheet type="text/xsl" href="static/style.xsl"?><OAI-PMH xmlns="http://www.openarchives.org/OAI/2.0/" xmlns:xsi="http://www.w3.org/2001/XMLSchema-instance" xsi:schemaLocation="http://www.openarchives.org/OAI/2.0/ http://www.openarchives.org/OAI/2.0/OAI-PMH.xsd"><responseDate>2026-04-29T12:25:17Z</responseDate><request verb="GetRecord" identifier="oai:repisalud.isciii.es:20.500.12105/12291" metadataPrefix="marc">https://repisalud.isciii.es/rest/oai/request</request><GetRecord><record><header><identifier>oai:repisalud.isciii.es:20.500.12105/12291</identifier><datestamp>2024-05-21T11:02:21Z</datestamp><setSpec>com_20.500.12105_2203</setSpec><setSpec>com_20.500.12105_2202</setSpec><setSpec>col_20.500.12105_19505</setSpec></header><metadata><record xmlns="http://www.loc.gov/MARC21/slim" xmlns:dcterms="http://purl.org/dc/terms/" xmlns:doc="http://www.lyncode.com/xoai" xmlns:xsi="http://www.w3.org/2001/XMLSchema-instance" xsi:schemaLocation="http://www.loc.gov/MARC21/slim http://www.loc.gov/standards/marcxml/schema/MARC21slim.xsd">
   <leader>00925njm 22002777a 4500</leader>
   <datafield ind2=" " ind1=" " tag="042">
      <subfield code="a">dc</subfield>
   </datafield>
   <datafield ind2=" " ind1=" " tag="720">
      <subfield code="a">Instituto de Salud Carlos III. Centro Nacional de Epidemiología</subfield>
      <subfield code="e">author</subfield>
   </datafield>
   <datafield ind2=" " ind1=" " tag="720">
      <subfield code="a">Instituto de Salud Carlos III. Centro Nacional de Epidemiología</subfield>
      <subfield code="e">author</subfield>
   </datafield>
   <datafield ind2=" " ind1=" " tag="260">
      <subfield code="c">2020-01</subfield>
   </datafield>
   <datafield ind2=" " ind1=" " tag="520">
      <subfield code="a">En la semana 03/2020 la tasa global de incidencia de gripe es de 203,1 casos por 100.000 habi tantes, en plena fase de ascenso de la onda epidémica de gripe de la temporada 2019-2020, 
asociada a circulación predominante de A(H1N1)pdm09 . De las 482 muestras centinela enviadas para confirmación virológica esta semana, 231 (48%) han sido positivas para el virus de la gripe: 79% tipo A y 21% tipo B. 
De las detecciones centinelas notificadas desde el inicio de la temporada 2019-20 hasta el mo mento, el 71% son tipo A [90% de A(H1N1)pdm09 entre los subtipados] y el 29% son tipo B.
De los casos graves hospitalizados confirmados de gripe (CGHCG) notificados hasta el momen to, el 92% son virus de la gripe A [90% de A(H1N1)pdm09 entre los subtipados]. El 43% de los 
CGHCG se registra en el grupo de mayores de 64 años, seguido del grupo de 45 a 64 años 
(31%). Esta semana se identifican 226 detecciones de VRS entre las 2.348 muestras analizadas, con 
una tasa de detección (10%) que desciende desde la semana 52/2019, cuando alcanzó el máxi mo.
En la semana 02/2020 la actividad gripal se incrementa en Europa. El 40% de las muestras cen tinela enviadas fueron positivas, por encima del 10% que se alcanzó en la semana 47/2019. Esta 
semana, el 67% de las detecciones era tipo A [70% A(H1N1)pdm09 entre los subtipados] y el 
33% tipo B.  La actividad gripal aumenta en la mayoría de los países de la zona templada del hemisferio norte. La mayoría de los virus de la gripe detectados a nivel mundial son del tipo A (62%), con un 
68% de A(H3N2) entre los subtipados. De los virus B caracterizados, el 99% pertenecían al linaje 
Victoria.</subfield>
   </datafield>
   <datafield ind1="8" ind2=" " tag="024">
      <subfield code="a">http://hdl.handle.net/20.500.12105/12291</subfield>
   </datafield>
   <datafield tag="653" ind2=" " ind1=" ">
      <subfield code="a">Gripe</subfield>
   </datafield>
   <datafield tag="653" ind2=" " ind1=" ">
      <subfield code="a">Vigilancia Epidemiológica</subfield>
   </datafield>
   <datafield ind2="0" ind1="0" tag="245">
      <subfield code="a">Informe semanal de Vigilancia de la Gripe en España Semana 03/2020 (13 - 19 de enero de 2020) Nº 602. 23 de enero de 2020</subfield>
   </datafield>
</record></metadata></record></GetRecord></OAI-PMH>